French Quiz - Statistics

General Stats
  • This quiz has been taken 2 times
  • The average score is 3 of 15
Answer Stats
Word Translation % Correct
Coffee Café
100%
Le/La/Les The
50%
Deux Two
50%
Nous We
50%
To Like Aimer
0%
Cherry Cherise
0%
Hair Cheveux
0%
Vert Green
0%
Here Ici
0%
Computer L'ordinateurs
0%
Accords Rules
0%
Super Super
0%
Il y a There is
0%
C'est This is
0%
Lire To Read
0%
No matching quizzes found
Score Distribution
Percent of People with Each Score
Percentile by Number Answered
Your Score History
You have not taken this quiz